| Tag |
First Indicator |
Second Indicator |
Subfields |
| LEADER |
00000cam a2200000 4500 |
| 001 |
in00000064436 |
| 005 |
20151008051812.0 |
| 008 |
750401s1964 ii 00000 eng u |
| 010 |
|
|
|a 65000049
|
| 035 |
|
|
|a (OCoLC)01247666
|
| 035 |
|
|
|9 AAH0066AM
|
| 040 |
|
|
|c YNG
|d TXA
|d UtOrBLW
|
| 049 |
|
|
|a TXAM
|c [474190]
|
| 050 |
|
0 |
|a HC435
|b .M23
|
| 082 |
0 |
|
|a 338.954
|
| 092 |
|
|
|a 338.954
|b M178a
|
| 100 |
1 |
|
|a Madan, B. K.
|q (Bal Krishna),
|d 1911-
|
| 245 |
1 |
0 |
|a Aspects of economic development and policy ;
|b [essays /
|c by] B. K. Madan.
|
| 264 |
|
1 |
|a Bombay,
|a New York :
|b Allied Publishers,
|c [1964]
|
| 300 |
|
|
|a xxiv, 363 pages ;
|c 23 cm.
|
| 336 |
|
|
|a text
|b txt
|2 rdacontent
|
| 337 |
|
|
|a unmediated
|b n
|2 rdamedia
|
| 338 |
|
|
|a volume
|b nc
|2 rdacarrier
|
| 500 |
|
|
|a Label mounted on t. p.: Sole distribution in the USA, Paragon Book Gallery, Booksellers and Publishers, New York.
|
| 651 |
|
0 |
|a India
|x Economic policy.
|
| 999 |
|
|
|a MARS
|
| 999 |
f |
f |
|s 40826731-10ac-352c-8edd-1f3f861bf21a
|i 9e0d2527-8f0e-307c-8624-a586e8938c15
|t 0
|
| 952 |
f |
f |
|p ric
|a Texas A&M University
|b Rellis Campus
|c Joint Library Facility
|d Remote Storage
|t 0
|e HC435 .M23
|h Library of Congress classification
|i unmediated -- volume
|m A14800775165
|
| 998 |
f |
f |
|a HC435 .M23
|t 0
|l Remote Storage
|